¿Fuentes formales del derecho o elementos mediadores entre la naturaleza de las cosas y los hechos jurídicos?
محفوظ في:
| المؤلف الرئيسي: | |
|---|---|
| التنسيق: | كتاب |
| اللغة: | الإنجليزية |
| منشور في: |
Madrid, España:
Marcial Pons, Ediciones Jurídicas y Sociales, S.A.,
2004.
|
| سلاسل: | Prudentia iuris.
|
| الموضوعات: | |
| الوسوم: |
إضافة وسم
لا توجد وسوم, كن أول من يضع وسما على هذه التسجيلة!
|
MARC
| LEADER | 00000nam a2200000 a 4500 | ||
|---|---|---|---|
| 001 | UCY7393 | ||
| 003 | CL-VaPUC | ||
| 005 | 20220822114536.0 | ||
| 008 | 220701t2004 ||||| |||| 00| 0 eng d | ||
| 999 | |c 436604 |d 436602 | ||
| 020 | |a 84-9768-113-4 | ||
| 040 | |c Pontificia Universidad Católica de Valparaíso | ||
| 082 | 7 | |a 340.1 VAL 2004 |2 22 | |
| 100 | |a Vallet Goytisolo, Juan B |e autor |9 421508 | ||
| 245 | |a ¿Fuentes formales del derecho o elementos mediadores entre la naturaleza de las cosas y los hechos jurídicos? | ||
| 260 | |a Madrid, España: |b Marcial Pons, Ediciones Jurídicas y Sociales, S.A., |c 2004. | ||
| 300 | |a 119 páginas. | ||
| 490 | |a Prudentia iuris. | ||
| 500 | |a c.1 Donación Familia Prof. Alejandro Guzmán Brito. | ||
| 583 | |a last modification |c 19950614 00:00:00 |k Cristina María Rojas Aguilar | ||
| 650 | |a Derecho |x Fuentes |9 872052 | ||
| 650 | |a Derecho |x Filosofía |9 866192 | ||
| 942 | |c BK |2 ddc |n 0 | ||
| 952 | |0 0 |1 0 |2 ddc |4 0 |6 340_100000000000000_VAL_2004 |7 1 |8 C_AGB |9 584279 |a BIBDER |b BIBDER |d 2022-07-01 |e Donación |i 5652413 |o 340.1 VAL 2004 |p 5652413 |r 2023-01-25 |t 1 |w 2022-07-01 |y BK_US |k AGB | ||